01666nam a2200217 a 4500008004100000020001500041041000800056092001700064100002300081245005500104250003900159260004300198300001000241500010100251505066500352655002101017942001301038999001501051952021701066952016501283220829n A ||||gr|||| 001 1 SPA d a9506951059 aspa c808lKAFs461 aKafka, Franz942033 aUn médico rural.bY otros relatos /cFranz Kafka a1a ed.bTraducción Wilcok, J. R. aBuenos Aires:bAlianza editorial,cs/f a93 p. aKafka, F. (s/f). Un médico rural. Y otros relatos. (1a ed.). Buenos Aires : Alianza editorial. aUn médico rural tiene que ir a visitar a un enfermo que está en un pueblo vecino, pero su caballo ha muerto y no tiene medio de transporte. Un palafrenero acude en su ayuda y le presta dos caballos, aunque sus verdaderas intenciones no son altruistas. Atravesando una fuerte tormenta de nieve, el doctor llega hasta el hogar del paciente. Una vez allí, tiene la sensación de haber sido víctima de un engaño y teme ser objeto de nuevas burlas. Con este relato, Kafka se adentra en el duro oficio del médico rural, nos desvela sus miedos y complejos, se solidariza con un humilde doctor que sufre con frecuencia la ingratitud de los que le rodean.  aLiteratura92917 2ddccLIT c3141d3141 00102ddc4070aBFMbBFMd2022-08-29eDonación de Leonardo Orellana Kittsteiner, agosto 2022l0o808 46 KAFp4781r2022-08-29tEj.1w2022-08-29yLITzDonación de Leonardo Orellana Kittsteiner, agosto 2022.f 00102ddc4070aBFMbBFMcCRd2023-09-14eDonación Agosto 2023.l2o808 46 KAFp4875r2024-12-16s2024-12-11tEj.2w2023-09-14yLITzDonación Agosto 2023f